Statistics for Test Cricket Countries

Click here to take the quiz!

General Stats

  • This quiz has been taken 9,471 times
  • The average score is 9 of 12

Answer Stats

First Test Answer % Correct
1932India
98%
1877Australia
95%
1952Pakistan
94%
1930New Zealand
93%
1877England
88%
2000Bangladesh
83%
2018Ireland
82%
1889South Africa
79%
1982Sri Lanka
76%
1928West Indies
58%
2018Afghanistan
56%
1992Zimbabwe
44%

Score Distribution

Percentile by Number Answered

Percent of People with Each Score

Your Score History

You have not taken this quiz